01172nam a2200193Ia 4500001000900000003001000009008004100019040002500060041001300085100001200098245008400110250001100194260008900205300001200294500026200306501011400568520026200682650003400944L070-413IT-CnALBA170116s9999||||xx |||||||||||||| ||und|| aIT-CnALBAcIT-CnALBA aITALIANO aAA. VV. 0aI SETTIMANALI CATTOLICI DELLE DIOCESI NELLA REGIONE ECCLESIASTICA DEL PIEMONTE  a1a ed. a FORLIbRAFFAELLI A. TIPOGR. OPERAIA c1985 [1° Ed.:1985 - Ed.Ling.Originale: 1985] a159 p.  aTUNINETTI. ANCORA. GAZZETTA D'ALBA. LA VOCE ALESSANDRINA. SETTIMANALI CATTOLICI DELLA VALLE D'AOSTA. GAZZETTA D'ASTI. IL BIELLESE. LA VITA CASALESE. LA GUIDA. LA FEDELTÀ. IL RISVEGLIO POPOLARE. L'UNIONE MONREGALESE. L'AZIONE. L'ECO DEL CHISONE. CORRIERE D aSocietà San Paolo EM - Piazza San Paolo, 14 - 12051 ALBA (CN) (non commercial uses only) ® Copyright 2017 aTUNINETTI. ANCORA. GAZZETTA D'ALBA. LA VOCE ALESSANDRINA. SETTIMANALI CATTOLICI DELLA VALLE D'AOSTA. GAZZETTA D'ASTI. IL BIELLESE. LA VITA CASALESE. LA GUIDA. LA FEDELTÀ. IL RISVEGLIO POPOLARE. L'UNIONE MONREGALESE. L'AZIONE. L'ECO DEL CHISONE. CORRIERE D aGIORNALISMO EDITORIA GIORNALI